| 000 | 00483nam a2200169Ia 4500 | ||
|---|---|---|---|
| 008 | 240729s9999 xx 000 0 und d | ||
| 022 | _a2700-8983 | ||
| 245 | 0 | _aInternational Journal of Applied Research in Business and Management | |
| 260 | _aGermany | ||
| 260 | _bWohllebe & Ross Publishing | ||
| 650 | _a Business | ||
| 650 | _a Commerce | ||
| 650 | _aSocial Sciences | ||
| 856 | _uhttps://doaj.org/toc/4560d33e662c40e4b084469428bf4c2c | ||
| 942 | _2ddc | ||
| 942 | _cDOAJEJ | ||
| 999 |
_c67297 _d67297 |
||
| 945 |
_a1 _bMadushi Gamage _c1 _dMadushi Gamage |
||